000
00237 a2200097 4500
001
39960
100
_a
Hilderbrand F B
245
_a
Introduction to Numerical Analysis
260
_a
New Dehli
_b
Tata McGraw Hill
_c
090
_c
24950
_d
24950
942
_a
NUST-CAE
_c
M
_c
16614
999
_c
275033
_d
275033